[Event "BCF-chT4 2223 (4NCL)"]
[Site "England"]
[Date "2023.03.26"]
[Round "8.82"]
[White "Page, Thomas"]
[Black "Mouskos, Mia"]
[Result "1-0"]
[WhiteElo "1830"]
[BlackElo "1376"]
[PlyCount "89"]
[EventDate "2022.11.05"]
[EventType "team-swiss"]
[EventRounds "11"]
[EventCountry "ENG"]
[SourceTitle "EXT 2024"]
[Source "ChessBase"]
[SourceDate "2023.10.10"]
[SourceVersion "1"]
[SourceVersionDate "2023.10.10"]
[SourceQuality "1"]
[WhiteTeam "Barnet Knights III"]
[BlackTeam "She Plays to Win Young Stars"]
[WhiteTeamCountry "ENG"]
[BlackTeamCountry "ENG"]

1. d4 d5 2. c4 e6 3. Nc3 Nf6 4. Bg5 Bb4 5. e3 c6 6. Bd3 h6 7. Bh4 Nbd7 8. Rc1 Qa5 9. Qb3 Bxc3+ 10. bxc3 c5 11. Nf3 Qc7 12. 0-0 b6 13. Bg3 Qd8 14. Rfe1 0-0 15. Ne5 Nh5 16. Nc6 Qf6 17. cxd5 Nxg3 18. hxg3 Bb7 19. Be4 exd5 20. Qxd5 Bxc6 21. Qxc6 Qe7 22. Bf3 Rac8 23. Qa4 Nf6 24. e4 cxd4 25. e5 Nd7 26. cxd4 f6 27. Rxc8 Rxc8 28. Qxa7 fxe5 29. dxe5 Re8 30. e6 Nc5 31. Qxb6 Nd7 32. exd7 Qxe1+ 33. Kh2 Qe7 34. dxe8Q+ Qxe8 35. Qb3+ Kh8 36. a4 Kh7 37. a5 Qd8 38. a6 Qa5 39. Qb7 h5 40. a7 h4 41. a8Q hxg3+ 42. fxg3 Qg5 43. Qe4+ g6 44. Qeb7+ Kh6 45. Qh8# 1-0

[Event "BCF-chT4 2223 (4NCL)"]
[Site "England"]
[Date "2023.02.04"]
[Round "5.41"]
[White "Page, Thomas"]
[Black "Tenin, Aleksander"]
[Result "0-1"]
[WhiteElo "1830"]
[BlackElo "2110"]
[PlyCount "44"]
[EventDate "2022.11.05"]
[EventType "team-swiss"]
[EventRounds "11"]
[EventCountry "ENG"]
[SourceTitle "EXT 2024"]
[Source "ChessBase"]
[SourceDate "2023.10.10"]
[SourceVersion "1"]
[SourceVersionDate "2023.10.10"]
[SourceQuality "1"]
[WhiteTeam "Barnet Knights III"]
[BlackTeam "War and Piece"]
[WhiteTeamCountry "ENG"]
[BlackTeamCountry "ENG"]

1. e4 e5 2. f4 Bc5 3. Nf3 d6 4. c3 Bg4 5. Bc4 Qf6 6. fxe5 dxe5 7. d4 Bxf3 8. gxf3 exd4 9. Qe2 Nc6 10. Bb5 Nge7 11. Rg1 dxc3 12. e5 Qh4+ 13. Rg3 cxb2 14. Bxb2 0-0-0 15. Kf1 Nd4 16. Qc4 Qxh2 17. Qxc5 Qxb2 18. Qxa7 Qxb5+ 19. Kf2 Qb2+ 20. Kg1 Ne2+ 21. Kh2 Nxg3+ 22. Kxg3 Qxe5+ 0-1

[Event "BCF-chT4 2223 (4NCL)"]
[Site "England"]
[Date "2022.11.06"]
[Round "2.35"]
[White "Twisk, Sebastian"]
[Black "Page, Thomas"]
[Result "1-0"]
[WhiteElo "1500"]
[BlackElo "1830"]
[PlyCount "85"]
[EventDate "2022.11.05"]
[EventType "team-swiss"]
[EventRounds "11"]
[EventCountry "ENG"]
[SourceTitle "EXT 2024"]
[Source "ChessBase"]
[SourceDate "2023.10.10"]
[SourceVersion "1"]
[SourceVersionDate "2023.10.10"]
[SourceQuality "1"]
[WhiteTeam "Guildford Young Guns"]
[BlackTeam "Barnet Knights III"]
[WhiteTeamCountry "ENG"]
[BlackTeamCountry "ENG"]

1. e4 c5 2. c3 e6 3. d4 d5 4. exd5 exd5 5. Nf3 Nc6 6. Bb5 Bg4 7. Be3 Qb6 8. Bxc6+ bxc6 9. Qe2 c4 10. Bc1+ Be7 11. 0-0 0-0-0 12. Nbd2 Bd6 13. b3 cxb3 14. axb3 Nf6 15. Bb2 Rhe8 16. Qd3 Kb7 17. c4 Bb4 18. Bc3 Bf5 19. Qxf5 Bxc3 20. c5 Qb5 21. Rac1 Bxd2 22. Nxd2 Re7 23. Nf3 h6 24. Ne5 Kc7 25. Ra1 a5 26. Qf4 Kb7 27. Rfb1 Ka6 28. Nc4 a4 29. Rxa4+ Kb7 30. Nd6+ Rxd6 31. cxd6 Re2 32. d7 Nxd7 33. Qxf7 c5 34. Qxd5+ Kb6 35. Qd6+ Kb7 36. Rba1 Kc8 37. Ra8+ Nb8 38. Rc1 c4 39. Rxb8+ Qxb8 40. Rxc4+ Kb7 41. Rb4+ Ka7 42. Qxb8+ Ka6 43. Qb6# 1-0